[Event "39th World Open"]
[Site "Philadelphia USA"]
[Date "2011.07.02"]
[Round "5"]
[White "Shen,V"]
[Black "Lapshun,Y"]
[Result "0-1"]
[WhiteElo "2281"]
[BlackElo "2442"]
[ECO "B35"]

1.e4 c5 2.Nc3 Nc6 3.Nf3 g6 4.d4 cxd4 5.Nxd4 Bg7 6.Be3 Nf6 7.Bc4 O-O 8.Bb3 a5
9.O-O a4 10.Nxa4 Nxe4 11.Nb5 Ra6 12.c4 d6 13.Qe2 Nf6 14.h3 Be6 15.Rfd1 Qb8
16.Bf4 Nd7 17.Rac1 Rc8 18.c5 Rxa4 19.Bxa4 Qa8 20.Bb3 Nxc5 21.Bxe6 Nxe6 22.Bd2 Qxa2
23.Bc3 Bxc3 24.Rxc3 Ra8 25.Ra3 Rxa3 26.Nxa3 Ned4 27.Qd2 e5 28.Nb1 Kg7 29.Nc3 Qc4
30.Kh1 d5 31.Qe3 b5 32.Nb1 b4 33.Rc1 Qa2 34.b3 Qb2 35.Kh2 Nc2 36.Qd2 N6d4
37.f4 e4 38.f5 e3 39.Qd1 e2 40.f6+ Kxf6  0-1

[Event "ch-BEL Open"]
[Site "Antwerp BEL"]
[Date "2011.07.03"]
[Round "2.12"]
[White "De Vleeschauwer,M"]
[Black "Leenaerts,R"]
[Result "0-1"]
[WhiteElo "1918"]
[BlackElo "2186"]
[ECO "B23"]

1.e4 c5 2.Nc3 Nc6 3.Bb5 d6 4.Bxc6+ bxc6 5.d3 e5 6.f4 exf4 7.Bxf4 Ne7 8.Nf3 Ng6
9.Bd2 Be7 10.O-O Bf6 11.Rb1 O-O 12.Ne2 Bg4 13.Ng3 Nh4 14.Qe1 Bxf3 15.gxf3 g6
16.f4 Bd4+ 17.Kh1 f5 18.c3 Bg7 19.Qf2 fxe4 20.dxe4 g5 21.Nh5 gxf4 22.Nxg7 Kxg7
23.Bxf4 Ng6 24.Qd2 Nxf4 25.Rxf4 Rxf4 26.Qxf4 Qe7 27.Rg1+ Kh8 28.h4 Rf8 29.Qg4 Re8
30.Kh2 Qe5+ 31.Rg3 d5 32.exd5 cxd5 33.Kh3 d4 34.cxd4 cxd4 35.b4 Rd8 36.Rd3 Qe1
37.Qg3 Qh1+  0-1

[Event "Karvina Open"]
[Site "Karvina CZE"]
[Date "2011.07.03"]
[Round "2"]
[White "Plat,V"]
[Black "Mitura,K"]
[Result "1-0"]
[WhiteElo "2410"]
[BlackElo "2178"]
[ECO "B30"]

1.e4 c5 2.Nf3 Nc6 3.Nc3 e5 4.Bc4 Be7 5.Nd5 Nf6 6.d3 d6 7.c3 O-O 8.h4 Nxd5
9.Bxd5 Be6 10.Ng5 Bxd5 11.exd5 Nb8 12.d4 cxd4 13.Qd3 Bxg5 14.hxg5 f5 15.gxf6 g6
16.Bg5 Rf7 17.Rxh7 Kxh7 18.O-O-O Rxf6 19.Qh3+ Kg7 20.Qh6+ Kf7 21.Qh7+ Ke8
22.Bxf6 Qxf6 23.Qxb7 dxc3 24.bxc3 Qxf2 25.Qxa8 Qe3+ 26.Kc2 Qf2+ 27.Kb1 Qb6+
28.Ka1 Qc7 29.Rc1 Ke7 30.Rc2 e4 31.Rb2 Nd7 32.Qh8 Ne5 33.Qg7+ Kd8 34.Qxc7+ Kxc7
35.Re2 Kb6 36.Rxe4 Kc5 37.Rxe5 dxe5 38.c4 a5 39.Kb2 a4 40.Kc3 g5 41.g4 e4
42.a3  1-0

[Event "e2e4 ch-IRL"]
[Site "Dublin IRL"]
[Date "2011.07.04"]
[Round "3"]
[White "Josse,Mar"]
[Black "O'Rourke,R"]
[Result "1-0"]
[WhiteElo "2176"]
[BlackElo "2038"]
[ECO "B23"]

1.e4 c5 2.Nc3 Nc6 3.Bb5 e6 4.Bxc6 bxc6 5.d3 g6 6.f4 Bg7 7.Nf3 Ne7 8.O-O d5
9.e5 O-O 10.Na4 Qa5 11.c4 dxc4 12.dxc4 Ba6 13.b3 Rfd8 14.Bd2 Qc7 15.Qe1 Rxd2
16.Qxd2 Nf5 17.Rad1 Bf8 18.Qd7 Rc8 19.Qxc7 Rxc7 20.Kf2 Ne7 21.Nxc5 Bc8 22.Ne4 a5
23.Nf6+  1-0

[Event "1st ch-CHN Rapid Men Prelim"]
[Site "Hefei CHN"]
[Date "2011.07.04"]
[Round "5.8"]
[White "Wang Zili"]
[Black "Wan Yunguo"]
[Result "0-1"]
[WhiteElo "2488"]
[BlackElo "2462"]
[ECO "B35"]

1.e4 c5 2.Nc3 Nc6 3.Nge2 g6 4.d4 cxd4 5.Nxd4 Bg7 6.Be3 Nf6 7.Bc4 d6 8.f3 Qb6
9.Nf5 Qxb2 10.Nxg7+ Kf8 11.Nd5 Nxd5 12.Bxd5 Kxg7 13.O-O Qc3 14.Bf2 f6 15.Rb1 Qa5
16.Be3 Qc7 17.Qd2 h5 18.f4 Bd7 19.f5 Be8 20.Rb3 Rc8 21.c4 b6 22.h3 Ne5 23.Rc3 Bf7
24.Bd4 h4 25.fxg6 Bxg6 26.Be6 Rcd8 27.Qf4 Qc6 28.Bf5 Bxf5 29.Qxf5 Qd7 30.Qf2 Qe6
31.Qc2 Rc8 32.Rc1 Kf7 33.Bf2 Ng6 34.a4 Rh5 35.Rf3 Re5 36.Re3 Rg5 37.Rf3 Rg8
38.Rf5 Ne5 39.Rxg5 Rxg5 40.Qc3 Ng6 41.Qf3 Re5 42.Bd4 Rxe4 43.Qh5 Re1+ 44.Rxe1 Qxe1+
45.Kh2 Qg3+ 46.Kh1 Kg7 47.Qd5 Qe1+ 48.Bg1 Nf4 49.Qb7 Kf7 50.Qf3 Ne2 51.Qh5+ Kg7  0-1

[Event "TCh-TUR 2011"]
[Site "Konya TUR"]
[Date "2011.07.04"]
[Round "7"]
[White "Kanmazalp,O"]
[Black "Kinsiz,O"]
[Result "1-0"]
[WhiteElo "2404"]
[BlackElo "2184"]
[ECO "B23"]

1.e4 c5 2.Nc3 Nc6 3.Nge2 e5 4.Nd5 Nge7 5.Nec3 d6 6.Bc4 Nd4 7.a4 Nxd5 8.Nxd5 Be7
9.d3 O-O 10.c3 Ne6 11.O-O Bg5 12.f4 exf4 13.Nxf4 Nxf4 14.Bxf4 Bxf4 15.Rxf4 Be6
16.Qb3 Qe7 17.Raf1 Rae8 18.Bd5 Bxd5 19.Qxd5 Rd8 20.R1f3 Rd7 21.Qh5 f6 22.Rh3 g6
23.Qd5+ Kg7 24.Rfh4 Rh8 25.d4 b6 26.Rg3 cxd4 27.cxd4 Rc7 28.h3 Rc1+ 29.Kh2 g5
30.Rf4 Re8 31.Rf5 Qxe4 32.Rgxg5+ Kh8 33.Rg8+  1-0

[Event "TCh-TUR 2011"]
[Site "Konya TUR"]
[Date "2011.07.04"]
[Round "8"]
[White "Karakehajov,K"]
[Black "Atakisi,U"]
[Result "1-0"]
[WhiteElo "2493"]
[BlackElo "2370"]
[ECO "B23"]

1.e4 c5 2.Nc3 Nc6 3.Bb5 Nd4 4.Ba4 a6 5.Bb3 e6 6.Nge2 Ne7 7.Nxd4 cxd4 8.Ne2 Nc6
9.O-O Bc5 10.d3 O-O 11.Ng3 Na5 12.f4 Nxb3 13.axb3 d5 14.f5 f6 15.Kh1 dxe4
16.dxe4 exf5 17.exf5 Bd7 18.Nh5 Bc6 19.Qg4 Rf7 20.Bh6 Qf8 21.Rae1 Kh8 22.Bd2 Bd6
23.Qxd4 Rd7 24.Qh4 Bg3 25.hxg3 Rxd2 26.Nf4 Kg8 27.Re2 Qd6 28.Rfe1 Rxe2 29.Rxe2 Qd1+
30.Kh2 Re8 31.Qh5 Rd8 32.Ne6 Re8 33.Qg4 Re7 34.Qc4 Qd5 35.Qf4 h5 36.Rd2 Qe5
37.Rd8+ Re8 38.Rxe8+ Bxe8 39.Qb4  1-0

[Event "Naantalin Open"]
[Site "Naantali FIN"]
[Date "2011.07.04"]
[Round "1"]
[White "Jaderholm,B"]
[Black "Heino,J"]
[Result "1/2-1/2"]
[WhiteElo "1878"]
[BlackElo "2083"]
[ECO "B34"]

1.e4 c5 2.Nf3 Nc6 3.Nc3 g6 4.d4 cxd4 5.Nxd4 Bg7 6.Be3 d6 7.Qd2 Nf6 8.f3 O-O
9.Be2 Bd7 10.g4 h5 11.gxh5 Nxh5 12.Nxc6 Bxc6 13.O-O-O Qa5 14.Kb1 Rfc8 15.Nd5 Qd8
16.Bg5 Bxd5 17.Qxd5 Qb6 18.Qb3 Qc7 19.Rdg1 Bd4 20.Rg2 a5 21.Bb5 e6 22.a4 Qc5
23.Rd1 Rc7 24.Bc1 Rac8 25.c4 Be5 26.Be3 Qb4 27.Qxb4 axb4 28.Ka2 Kg7  1/2-1/2

[Event "39th World Open"]
[Site "Philadelphia USA"]
[Date "2011.07.04"]
[Round "9"]
[White "Hess,Peter"]
[Black "Sandager,S"]
[Result "0-1"]
[WhiteElo "1948"]
[BlackElo "2134"]
[ECO "B23"]

1.e4 c5 2.Nc3 Nc6 3.Nf3 e5 4.Bb5 d6 5.O-O Bd7 6.Nd5 Nf6 7.Nxf6+ Qxf6 8.d3 h6
9.Ne1 Be7 10.f4 exf4 11.Rxf4 Qg6 12.Rf1 O-O 13.c3 Rae8 14.Bf4 Bg5 15.Bxg5 Qxg5
16.Nf3 Qh5 17.Qd2 Re7 18.Rf2 Rfe8 19.Raf1 Be6 20.c4 Bd7 21.Kh1 Ne5 22.Nxe5 dxe5
23.Rf3 Bxb5 24.cxb5 Rd7 25.Qc3 b6 26.h3 Qg6 27.b4 cxb4 28.Qxb4 Qe6 29.Qb2 Red8
30.Qf2 f6 31.Qg3 Kh8 32.Qh4 Qe8 33.Qg3 Kh7 34.a4 Qg6  0-1

[Event "3rd Magic Valley"]
[Site "Rodatychi UKR"]
[Date "2011.07.04"]
[Round "1"]
[White "Andrenko,I"]
[Black "Vetoshko,V"]
[Result "0-1"]
[WhiteElo "2272"]
[BlackElo "2212"]
[ECO "B23"]

1.e4 c5 2.Nc3 Nc6 3.Bb5 Nd4 4.Bc4 g6 5.Nf3 Bg7 6.Nxd4 cxd4 7.Qf3 Nh6 8.Ne2 e5
9.d3 O-O 10.Qg3 d6 11.O-O Kh8 12.c3 dxc3 13.bxc3 f5 14.Bg5 Qc7 15.Qh4 Nf7
16.Be7 g5 17.Bxg5 Nxg5 18.Qxg5 f4 19.Kh1 Rf6 20.f3 Rh6 21.g3 Rg6 22.Qh5 Bd7
23.gxf4 Rh6 24.Qg5 Rg6 25.Qh4 Rh6 26.Qf2 exf4 27.Rg1 Rf8 28.Nxf4 d5 29.Nxd5 Rxf3
30.Qg2 Qe5 31.Qxg7+ Qxg7 32.Rxg7 Kxg7 33.Kg2 Rfh3 34.Nf4 Rxh2+ 35.Kg3 R2h4
36.e5 Rg4+ 37.Kf3 Rhh4 38.Ne6+ Kh8 39.Nd4 b5 40.e6 Be8 41.Bd5 Bh5 42.Ke3 Rh3+
43.Nf3 Rgg3 44.Rf1 Kg7 45.Ke2 Kf6  0-1

[Event "38th ch-IND w Challengers"]
[Site "Chennai IND"]
[Date "2011.07.05"]
[Round "6"]
[White "Supriya,J"]
[Black "Visalatchi,R"]
[Result "1/2-1/2"]
[WhiteElo "1829"]
[BlackElo "1941"]
[ECO "B23"]

1.e4 c5 2.Nc3 Nc6 3.Bb5 a6 4.Bxc6 bxc6 5.f4 d5 6.e5 e6 7.d3 a5 8.Na4 Nh6
9.Nf3 Ba6 10.b3 Bb5 11.Nc3 a4 12.Ba3 Nf5 13.Qd2 axb3 14.axb3 c4 15.Nxb5 cxb5
16.Bb2 Rxa1+ 17.Bxa1 Qa8 18.O-O Qa7+ 19.d4 b4 20.c3 cxb3 21.cxb4 Qa3 22.Bc3 b2
23.Rb1 Be7 24.Qxb2 Qxb2 25.Rxb2 Kd7 26.Kf2 Rc8 27.Rb3 Ra8 28.g4 Ra2+ 29.Rb2 Rxb2+
30.Bxb2 Nh6 31.h3 Bxb4 32.Ng5 Be7 33.Nxh7 Ke8 34.Ng5 Ng8 35.h4 Bb4  1/2-1/2

[Event "5th Varna Open"]
[Site "Golden Sands BUL"]
[Date "2011.07.05"]
[Round "3"]
[White "Kurishev,A"]
[Black "Janev,P"]
[Result "1/2-1/2"]
[WhiteElo "1641"]
[BlackElo "2079"]
[ECO "B23"]

1.e4 c5 2.Nc3 Nc6 3.Bb5 g6 4.Bxc6 bxc6 5.f4 d5 6.d3 c4 7.d4 f5 8.e5 Nh6 9.Nf3 e6
10.Bd2 Nf7 11.h3 Be7 12.g3 Rb8 13.Rb1 h5 14.h4 Nh6 15.Nh2 Ba6 16.Qf3 Ng4
17.Nxg4 hxg4 18.Qf1 c5 19.Be3 Qa5 20.Kf2 Kf7 21.Qe2 Rxb2 22.Rxb2 Qxc3 23.Rhb1 cxd4
24.Bd2 Qa3 25.Bb4 Bxb4 26.Rxb4 Rc8 27.Qd1 d3 28.cxd3 cxd3 29.Qb3 Rc2+ 30.Ke1 Rxa2
31.Rb7+ Bxb7 32.Qxb7+ Qe7 33.Qc8 Rc2 34.Qh8 Qc7 35.Qf6+ Kg8 36.Qxg6+ Kh8
37.Qh6+ Kg8 38.Qg6+ Kh8  1/2-1/2

[Event "TCh-TUR 2nd League 2011"]
[Site "Konya TUR"]
[Date "2011.07.05"]
[Round "2"]
[White "Tuncer,U"]
[Black "Metin,M"]
[Result "0-1"]
[WhiteElo "2303"]
[BlackElo "2166"]
[ECO "B35"]

1.e4 c5 2.Nc3 Nc6 3.Nf3 g6 4.d4 cxd4 5.Nxd4 Bg7 6.Be3 Nf6 7.Bc4 O-O 8.Bb3 d6
9.f3 Nd7 10.h4 Nc5 11.h5 Nxb3 12.axb3 Bd7 13.hxg6 fxg6 14.Qd2 a5 15.Nce2 Rf7
16.c3 Qb8 17.Bh6 Bh8 18.f4 Nxd4 19.cxd4 d5 20.e5 Qd8 21.Nc3 e6 22.Nd1 Qb6
23.Ra3 Bb5 24.Rh3 Bxe5 25.Nc3 Bd6 26.Ra1 Bb4 27.Re3 Qd8 28.Bg5 Qxg5  0-1

[Event "10th La Fere Open"]
[Site "La Fere FRA"]
[Date "2011.07.05"]
[Round "5.9"]
[White "Vedovotto,Nicolas"]
[Black "Schartz,A"]
[Result "1/2-1/2"]
[WhiteElo "2068"]
[BlackElo "2172"]
[ECO "B35"]

1.Nc3 c5 2.Nf3 Nc6 3.e4 g6 4.d4 cxd4 5.Nxd4 Bg7 6.Be3 Nf6 7.Bc4 Qa5 8.O-O d6
9.h3 O-O 10.Bb3 Bd7 11.Re1 Rfe8 12.Qd2 Rac8 13.Rad1 Ne5 14.Bh6 Nc4 15.Bxc4 Rxc4
16.Bxg7 Kxg7 17.Nb3 Qb4 18.Qe3 Qb6 19.Qxb6 axb6 20.Rd2 Kf8 21.f3 Rcc8 22.Nd1 Ba4
23.Ne3 Bxb3 24.axb3 Ra8 25.Kf2  1/2-1/2

[Event "WCh-IPCA Open A"]
[Site "Piestany SVK"]
[Date "2011.07.05"]
[Round "4"]
[White "Pronin,Vl"]
[Black "Bernardi,R"]
[Result "0-1"]
[WhiteElo "2037"]
[BlackElo "2162"]
[ECO "B23"]

1.e4 c5 2.Nc3 Nc6 3.Nf3 d6 4.g3 g6 5.Bg2 Bg7 6.O-O Nf6 7.d3 O-O 8.h3 Bd7
9.Be3 e5 10.Kh2 Qc8 11.Qd2 Nd4 12.Ng1 b5 13.Nce2 Bc6 14.c3 Nxe2 15.Nxe2 c4
16.f3 cxd3 17.Qxd3 d5 18.Bg5 Qb7 19.exd5 Bxd5 20.Bxf6 Bxf6 21.Rad1 Rad8 22.Qc2 Bg7
23.Ng1 f5 24.Rfe1 a6 25.h4 Bf6 26.h5 Kg7 27.b3 Qc7 28.Nh3 Be6 29.Nf2 gxh5
30.Rxd8 Rxd8 31.Rd1 h4 32.Rxd8 hxg3+ 33.Kxg3 Bxd8 34.Bh3 Bf6 35.Bxf5 e4+
36.f4 Bxf5 37.c4 Qc5 38.Qe2 bxc4 39.bxc4 Qe7 40.Ng4 Qa3+ 41.Ne3 Bd4 42.Kf2 h5
43.Qd2 Qd3 44.Qe1 Qxc4 45.Qa5 Bxe3+ 46.Kxe3 Qd3+ 47.Kf2 Qf3+ 48.Ke1 Qe3+
49.Kd1 Qxf4 50.Qxa6 Qf3+ 51.Ke1 Qe3+ 52.Kd1 Qd3+ 53.Qxd3 exd3  0-1

[Event "6th Polonia Wroclaw Open A"]
[Site "Wroclaw POL"]
[Date "2011.07.05"]
[Round "2"]
[White "Heberla,B"]
[Black "Dobrowolski,A"]
[Result "1/2-1/2"]
[WhiteElo "2539"]
[BlackElo "2306"]
[ECO "B34"]

1.e4 c5 2.Nf3 Nc6 3.Nc3 g6 4.d4 cxd4 5.Nxd4 Bg7 6.Be3 Nf6 7.Be2 O-O 8.O-O d5
9.exd5 Nxd5 10.Nxd5 Nxd4 11.Bxd4 Qxd5 12.Bxg7 Qxd1 13.Rfxd1 Kxg7 14.Bf3 Bf5
15.c4 Rac8 16.b3 b6 17.Bb7 Rb8 18.Ba6 Kf6 19.f3 Rfd8 20.Kf2 Bc2 21.Rxd8 Rxd8
22.Ke3 Rd3+ 23.Ke2 Rd4 24.Rc1 Bd3+ 25.Ke3 e5 26.Rc3 Bf1 27.g4 h5 28.Rc1 Bh3
29.gxh5 gxh5 30.c5 bxc5 31.Rxc5 Be6 32.Rc7 Rh4 33.Rc2 Rd4 34.Bc4 Bxc4 35.Rxc4 Rxc4
36.bxc4 Ke6 37.f4 f5 38.fxe5 Kxe5 39.h4 a5 40.c5 a4 41.c6 Kd6 42.Kf4 Kxc6
43.Kxf5 Kc5 44.Kg5 Kb4 45.Kxh5 Ka3 46.Kg4 Kxa2 47.h5 a3 48.h6 Kb1 49.h7 a2  1/2-1/2

[Event "XXXIV Open"]
[Site "Barbera del Valles ESP"]
[Date "2011.07.06"]
[Round "3"]
[White "Ryan,Jo"]
[Black "Perpinya Rofes,L"]
[Result "1/2-1/2"]
[WhiteElo "2267"]
[BlackElo "2395"]
[ECO "B23"]

1.e4 c5 2.Nc3 Nc6 3.Bb5 Nd4 4.Bc4 e6 5.Nge2 Nf6 6.O-O b5 7.Nxd4 bxc4 8.Nf3 d5
9.exd5 exd5 10.Re1+ Be7 11.Qe2 Be6 12.d3 cxd3 13.cxd3 d4 14.Ne4 Nxe4 15.Qxe4 O-O
16.Bf4 Re8 17.Nd2 Qd7 18.Qf3 h6 19.b3 g5 20.Be5 f6 21.Bg3 Kg7 22.h3 Bd5 23.Qh5 Bf7
24.Qf3 Qd5 25.Qxd5 Bxd5 26.Nc4 Bf8 27.f3 Kg6 28.Kf2 Re6 29.Rxe6 Bxe6 30.Ke2 f5
31.Kd2 f4 32.Bf2 Bf5 33.Re1 Kf6 34.Kc2 h5 35.Re2 Be7 36.Be1 Rg8 37.Bd2 Bc8
38.a3 Bb7 39.b4 cxb4 40.axb4 Bd5 41.Kb3 Rb8 42.Ka3 Bxc4 43.dxc4 a5 44.c5 Rc8
45.Kb3 axb4 46.Bxb4 d3 47.Rd2 Bxc5 48.Bxc5 Rxc5 49.Rxd3 g4 50.hxg4 hxg4 51.fxg4 Kg5
52.g3 Kxg4 53.gxf4  1/2-1/2

[Event "TCh-TUR 2nd League 2011"]
[Site "Konya TUR"]
[Date "2011.07.06"]
[Round "4"]
[White "Gara,A"]
[Black "Tsereteli,T"]
[Result "1/2-1/2"]
[WhiteElo "2369"]
[BlackElo "2379"]
[ECO "B23"]

1.e4 c5 2.Nc3 Nc6 3.Bb5 Nd4 4.Bc4 e6 5.Nge2 Nf6 6.O-O d5 7.exd5 exd5 8.Nxd5 Nxd5
9.Nxd4 cxd4 10.Qh5 Be6 11.Re1 Be7 12.Rxe6 O-O 13.Re1 Nb4 14.Bb3 Rc8 15.Qf5 Rc5
16.Qe4 Bd6 17.f4 Qc7 18.Rf1 Nxc2 19.Rb1 Qc6 20.d3 b5 21.Bd2 Re8 22.Qxc6 Rxc6
23.Rbc1 Rec8 24.a3 Ne3  1/2-1/2

[Event "3rd Magic Valley"]
[Site "Rodatychi UKR"]
[Date "2011.07.06"]
[Round "3"]
[White "Andrenko,I"]
[Black "Grekh,A"]
[Result "1/2-1/2"]
[WhiteElo "2272"]
[BlackElo "2378"]
[ECO "B23"]

1.e4 c5 2.Nc3 Nc6 3.Bb5 g6 4.Bxc6 dxc6 5.d3 Bg7 6.Nge2 e5 7.O-O Ne7 8.Be3 b6
9.Qd2 O-O 10.Bh6 f5 11.Bxg7 Kxg7 12.f4 Qc7 13.Rf2 fxe4 14.Nxe4 Bf5 15.Raf1 Rad8
16.N2g3 exf4 17.Rxf4 Bxe4 18.Qc3+ Kg8 19.Rxf8+ Rxf8 20.Rxf8+ Kxf8 21.Qf6+ Kg8
22.Nxe4 Nd5 23.Qe6+ Qf7 24.Qe5 Qf4 25.Qxf4 Nxf4  1/2-1/2

[Event "10th La Fere Open"]
[Site "La Fere FRA"]
[Date "2011.07.07"]
[Round "7.11"]
[White "Vedovotto,Nicolas"]
[Black "Jean,R"]
[Result "1/2-1/2"]
[WhiteElo "2068"]
[BlackElo "1808"]
[ECO "A00"]

1.Nc3 c5 2.Nf3 Nc6 3.e4 d6 4.d4 cxd4 5.Nxd4 a6 6.Be2 Nf6 7.O-O e6 8.a4 Be7
9.f4 O-O 10.Be3 Qc7 11.Kh1 Bd7 12.Bf3 Rac8 13.g4 Nxd4 14.Bxd4 Bc6 15.g5 Nd7
16.Bg2 Rfe8 17.Qh5 g6 18.Qh4 e5 19.fxe5 Nxe5 20.Bxe5 dxe5 21.Rf3 h5 22.Raf1 Rf8
23.Bh3 Rcd8 24.Qg3 Rd4 25.Nd5 Bxd5 26.exd5 Rxd5 27.Rxf7 Rxf7 28.Be6 Rd8 29.Bxf7+ Kg7
30.Bb3 Qc6+ 31.Qg2 Qxg2+ 32.Kxg2 Rf8 33.Rxf8 Kxf8 34.h4 b6 35.a5 Bc5 36.axb6 Bxb6
37.Kf3 a5 38.Ke4 Bf2 39.Kxe5 Bxh4 40.Kf6 Bf2 41.Kxg6 h4 42.Be6 Be3 43.c3 Bd2
44.Kf6 Bc1 45.g6 Bh6 46.Bf5 Kg8 47.Bg4 Kf8 48.Kf5 Kg7 49.Bf3 Bd2 50.Be4 a4
51.Bc6 a3 52.bxa3 Bxc3 53.Be4 Bd2 54.a4 Be1 55.Kg4 Kf6 56.Kh5 Kg7 57.Bf5 Kh8
58.Kg5 Kg7 59.Bg4 Bf2 60.Kf5 Be1 61.Bf3 Bd2 62.Be4 Be1 63.Ke6 h3 64.Kf5 h2
65.Bh1 Ba5 66.Be4 Bd2 67.Kg4  1/2-1/2

[Event "111th ch-SUI"]
[Site "Leukerbad SUI"]
[Date "2011.07.07"]
[Round "1"]
[White "Kurmann,O"]
[Black "Schneuwly,A"]
[Result "1-0"]
[WhiteElo "2431"]
[BlackElo "2062"]
[ECO "B30"]

1.e4 c5 2.Nf3 Nc6 3.Nc3 Qc7 4.d4 cxd4 5.Nxd4 Nf6 6.Be3 a6 7.Qd2 b5 8.O-O-O Bb7
9.Nd5 Nxd5 10.exd5 Ne5 11.Nf5 d6 12.f4 Nd7 13.Bd4 Rg8 14.Bc3 g6 15.Ne3 Bg7
16.Bxg7 Rxg7 17.Kb1 Nb6 18.Be2 Rc8 19.Rhe1 Qc5 20.a3 Kf8 21.Ka2 Rg8 22.g4 Kg7
23.h4 Rc7 24.g5 Ra8 25.h5 a5 26.Qd4+ f6 27.hxg6 hxg6 28.gxf6+ exf6 29.Rg1 Qxd4
30.Rxd4 Re8 31.Rg3 Bxd5+ 32.Nxd5 Nxd5 33.Bxb5 Re3 34.Rg2 Rc5 35.Bd3 Ne7 36.Rxd6 Rc7
37.Bxg6 Nxg6 38.f5 Kf7 39.Rxg6 Rxc2 40.Rdxf6+ Ke7 41.Re6+ Rxe6 42.Rxe6+ Kf7
43.Re5 a4 44.Re4 Rf2 45.Rxa4 Rxf5 46.Re4  1-0

[Event "111th ch-SUI"]
[Site "Leukerbad SUI"]
[Date "2011.07.07"]
[Round "1"]
[White "Mueller,We SUI"]
[Black "Gerber,R"]
[Result "0-1"]
[WhiteElo "2050"]
[BlackElo "2381"]
[ECO "B34"]

1.e4 c5 2.Nc3 Nc6 3.Nf3 g6 4.d4 cxd4 5.Nxd4 Bg7 6.Nde2 Nf6 7.g3 b5 8.Bg2 b4
9.Nd5 a5 10.a3 Ba6 11.O-O O-O 12.Re1 Ng4 13.Nef4 Nge5 14.axb4 axb4 15.Nd3 b3
16.Nc5 bxc2 17.Qxc2 Bb5 18.Rxa8 Qxa8 19.Nc7 Qa5  0-1

[Event "9th Niki Open"]
[Site "Nachod CZE"]
[Date "2011.07.07"]
[Round "6.30"]
[White "Palla,R"]
[Black "Gorecki,J"]
[Result "0-1"]
[WhiteElo "1736"]
[BlackElo "1923"]
[ECO "B30"]

1.e4 c5 2.Nf3 Nc6 3.Nc3 a6 4.d4 cxd4 5.Nxd4 Nf6 6.Be3 e5 7.Nxc6 bxc6 8.a3 d5
9.exd5 cxd5 10.Bg5 Bb7 11.Bxf6 gxf6 12.f3 f5 13.Qd2 Qd6 14.O-O-O Bh6  0-1

[Event "9th Niki Open"]
[Site "Nachod CZE"]
[Date "2011.07.07"]
[Round "6.7"]
[White "Karlik,V"]
[Black "Mrovec,J"]
[Result "1/2-1/2"]
[WhiteElo "2268"]
[BlackElo "2022"]
[ECO "B23"]

1.e4 c5 2.Nc3 Nc6 3.Bb5 e6 4.Bxc6 bxc6 5.d3 d5 6.f4 g6 7.Nf3 Bg7 8.O-O Ne7
9.Qe1 Rb8 10.b3 O-O 11.Bd2 Ba6 12.Rd1 c4 13.bxc4 dxc4 14.d4 Qc7 15.Rf2 c5
16.dxc5 Qxc5 17.Be3 Qa3 18.Bd4 Rfd8 19.Bxg7 Kxg7 20.Rxd8 Rxd8 21.Qe3 Qa5
22.Rd2 Nc6 23.Rxd8 Qxd8 24.Kf2 h6 25.Na4 Qa5 26.Qc3+ Qxc3 27.Nxc3 g5 28.fxg5 hxg5
29.Ke3 Kg6 30.Nd4 Ne5 31.h3 Kh5 32.Ncb5 Kh4 33.Kf2 g4 34.Nxa7 gxh3 35.gxh3 Kxh3
36.Ndb5 Kg4 37.Ke3 f5 38.Nc7 f4+ 39.Kf2 Bb7 40.Nxe6 Bxe4 41.Nd4 Kh3 42.a4 Ng4+
43.Ke2 Kg2 44.Kd2 f3 45.Nxf3 Kxf3 46.Kc3 Ne3 47.Nb5 Bd5 48.a5 Ke4 49.a6 Nd1+
50.Kb4 Ne3 51.Kc3 Nd1+ 52.Kb4 Ne3 53.Kc3 Nd1+  1/2-1/2

[Event "38th ch-IND w Challengers"]
[Site "Chennai IND"]
[Date "2011.07.08"]
[Round "9"]
[White "Supriya,J"]
[Black "Shristi,J"]
[Result "1-0"]
[WhiteElo "1829"]
[BlackElo "1927"]
[ECO "B23"]

1.e4 c5 2.Nc3 Nc6 3.Bb5 Nd4 4.Bc4 e6 5.Nge2 Nf6 6.O-O a6 7.d3 d5 8.exd5 exd5
9.Nxd5 Nxd5 10.Nxd4 cxd4 11.Qh5 Be6 12.Re1 Be7 13.Rxe6 Nf6 14.Rxf6 gxf6 15.Bxf7+ Kd7
16.Qd5+ Kc7 17.Bf4+ Kb6 18.Qb3+ Ka7 19.a4 Bd6 20.Bd2 Qc7 21.h3 Rhf8 22.Bd5 Rfe8
23.Ba5 Qe7 24.Qb6+ Kb8 25.Bxb7 Bc5 26.Qc6 Ra7 27.Bxa6 Rg8 28.Re1 Qf8 29.Bc4 Rh8
30.Bd5 Qd6 31.Re8+  1-0

[Event "ch-Central Serbia Int Open A"]
[Site "Paracin SRB"]
[Date "2011.07.08"]
[Round "1.44"]
[White "Sarenac,I"]
[Black "Kalinic,D"]
[Result "1-0"]
[WhiteElo "2315"]
[BlackElo "2009"]
[ECO "B35"]

1.e4 c5 2.Nf3 Nc6 3.Nc3 g6 4.d4 cxd4 5.Nxd4 Bg7 6.Be3 Nf6 7.Bc4 O-O 8.Bb3 a5
9.Ndb5 a4 10.Nxa4 Qa5+ 11.Nac3 Nxe4 12.Qd3 Nxc3 13.Nxc3 d6 14.Qd2 Bf5 15.O-O-O Bxc3
16.Qxc3 Qxc3 17.bxc3 Rfc8 18.Kb2 Be6 19.Rhe1 Ne5 20.Bg5 Rc7 21.Re4 Kg7 22.Rdd4 Bf5
23.Re1 Rac8 24.f4 Nc6 25.Ra4 b5 26.Ra6 b4 27.cxb4 f6 28.Rxc6 Rxc6 29.Rxe7+ Kf8
30.Rf7+ Ke8 31.Rxf6 Bxc2 32.Bf7+ Ke7 33.Bd5 Rb6 34.Rxg6+  1-0

[Event "ch-CAN Youth U18"]
[Site "Richmond Hill CAN"]
[Date "2011.07.08"]
[Round "6"]
[White "Wang,Jesse"]
[Black "Calugar,A"]
[Result "0-1"]
[WhiteElo "2007"]
[BlackElo "2247"]
[ECO "B23"]

1.e4 c5 2.Nc3 Nc6 3.Bb5 Nd4 4.Bc4 e6 5.Nge2 Nf6 6.O-O a6 7.d3 b5 8.Bb3 Nxb3
9.axb3 Bb7 10.Bg5 d6 11.f4 Be7 12.f5 O-O 13.Qe1 Nd7 14.Bf4 d5 15.Ng3 Re8
16.e5 Bg5 17.Nh5 Bxf4 18.Rxf4 Qg5 19.Qe2 exf5 20.h4 Qg6 21.Qf3 Nxe5  0-1

[Event "Lev Polugaevsky Mem"]
[Site "Samara RUS"]
[Date "2011.07.08"]
[Round "4"]
[White "Yakovich,Yur"]
[Black "Kozirev,A"]
[Result "1-0"]
[WhiteElo "2539"]
[BlackElo "2269"]
[ECO "B34"]

1.e4 c5 2.Nf3 Nc6 3.Nc3 g6 4.d4 cxd4 5.Nxd4 Bg7 6.Be3 Nf6 7.Be2 O-O 8.Nb3 b6
9.O-O Bb7 10.f3 d5 11.Nxd5 Nxd5 12.exd5 Nb4 13.c4 Bxb2 14.Rb1 Bg7 15.Qd2 Na6
16.a4 Qd6 17.a5 Bc8 18.Rfe1 Bf5 19.Rbc1 Nc5 20.Qa2 Be5 21.h3 Bh2+ 22.Kh1 Bg3
23.Red1 Rfc8 24.Nd4 Bd7 25.Rb1 Qf6 26.Qd2 Bc7 27.Nb5 Bxb5 28.Rxb5 Qd6 29.f4 a6
30.Rbb1 bxa5 31.Bg4 Rcb8 32.Qd4 Nb3 33.c5 Qd8 34.Qd3 a4 35.d6 exd6 36.cxd6 Bb6
37.d7 Nc5 38.Bxc5 Bxc5 39.Bf3 Rxb1 40.Rxb1 Ra7 41.Rb8 Qxb8 42.d8=N Qxd8 43.Qxd8+ Kg7
44.Qa5 Bf8 45.Qxa4  1-0

[Event "10th Condom Open A"]
[Site "Condom FRA"]
[Date "2011.07.09"]
[Round "1.7"]
[White "Maenhout,T"]
[Black "Marty,Brice"]
[Result "1-0"]
[WhiteElo "2365"]
[BlackElo "1950"]
[ECO "B89"]

1.e4 c5 2.Nf3 Nc6 3.Nc3 d6 4.d4 cxd4 5.Nxd4 Nf6 6.Bc4 e6 7.Be3 Be7 8.Qe2 a6
9.O-O-O Qc7 10.Bb3 b5 11.f4 Bd7 12.f5 e5 13.Nxc6 Bxc6 14.Bg5 b4 15.Bxf6 bxc3
16.Bxg7 Bg5+ 17.Kb1 Rg8 18.f6 Rb8 19.Qc4 cxb2 20.Rxd6 Qxd6 21.Qxf7+ Kd8 22.Qxg8+ Kc7
23.f7 Be7 24.Qxh7 Rxb3 25.f8=Q Rd3 26.Bxe5  1-0

[Event "10th Condom Open A"]
[Site "Condom FRA"]
[Date "2011.07.09"]
[Round "1.6"]
[White "Tchefranoff,S"]
[Black "Bujisho,B"]
[Result "1/2-1/2"]
[WhiteElo "1953"]
[BlackElo "2369"]
[ECO "B56"]

1.e4 c5 2.Nc3 Nc6 3.Nf3 d6 4.d4 cxd4 5.Nxd4 Nf6 6.Bb5 Bd7 7.O-O e6 8.b3 Be7
9.Bb2 O-O 10.f4 Rc8 11.Nxc6 bxc6 12.Bd3 g6 13.Qf3 d5 14.Rad1 Qa5 15.a4 Bc5+
16.Kh1 Bd4 17.Be2 dxe4 18.Nxe4 Bxb2 19.Nxf6+ Bxf6 20.Rxd7 Rfd8 21.Rfd1 Rxd7
22.Rxd7 Qc5 23.Bd3 a5 24.g4 Rd8 25.Rxd8+ Bxd8 26.f5 Bb6 27.Kg2 exf5 28.gxf5 Qg1+
29.Kh3 Bc7 30.Qe2 Qg5 31.fxg6 hxg6 32.Bc4 Kg7 33.Qf2 Qh5+ 34.Kg2 Qg4+ 35.Kf1 Bf4
36.Qd4+ f6 37.Qe4 Qh3+ 38.Qg2 Qe3 39.Qe2 Qc1+ 40.Kg2 Kh6 41.Bd3 f5 42.Qf3 Qd2+
43.Qe2 Qc3 44.Qe8 Qf6 45.Qg8 Qg5+ 46.Kf1 Qg4 47.Qh8+ Kg5 48.Qd8+ Kh6 49.Qh8+  1/2-1/2

[Event "St Pauli Open"]
[Site "Hamburg GER"]
[Date "2011.07.09"]
[Round "1.23"]
[White "Stenner,P"]
[Black "Jung,Gera"]
[Result "1-0"]
[WhiteElo "2220"]
[BlackElo "2022"]
[ECO "B23"]

1.e4 c5 2.Nc3 Nc6 3.Bb5 g6 4.Bxc6 dxc6 5.f4 Bg7 6.Nf3 Nh6 7.O-O O-O 8.d3 e5
9.Nxe5 Bxe5 10.fxe5 Qd4+ 11.Kh1 Ng4 12.Qe1 Qxe5 13.Qh4 f6 14.Bf4 Qe7 15.Qg3 Ne5
16.h3 Bd7 17.Rf2 Rae8 18.Raf1 Qg7 19.Ne2 h5 20.Ng1 g5 21.Bxe5 Rxe5 22.Qxe5  1-0

[Event "111th ch-SUI"]
[Site "Leukerbad SUI"]
[Date "2011.07.09"]
[Round "3"]
[White "Kurmann,O"]
[Black "Kriste,V"]
[Result "1-0"]
[WhiteElo "2431"]
[BlackElo "2169"]
[ECO "B35"]

1.e4 c5 2.Nf3 Nc6 3.Nc3 g6 4.d4 cxd4 5.Nxd4 Bg7 6.Be3 Nf6 7.Bc4 O-O 8.Bb3 a5
9.O-O d6 10.Ndb5 b6 11.f3 Ba6 12.Rf2 Nd7 13.Rb1 Nc5 14.Bc4 Qd7 15.Bf1 Na7
16.Nd4 Nc6 17.Nxc6 Qxc6 18.Nd5 Qb7 19.c4 e6 20.Nc3 Bxc3 21.bxc3 Qc6 22.Rd2 Rfd8
23.Bf4 Na4 24.Rxd6 Rxd6 25.Qxd6 Qxd6 26.Bxd6 Nxc3 27.Rxb6 Nxa2 28.c5 Nb4
29.c6 Bxf1 30.Kxf1 Na6 31.c7  1-0

[Event "Myrhorod Open A"]
[Site "Myrhorod UKR"]
[Date "2011.07.09"]
[Round "1.8"]
[White "Vorontsov,P"]
[Black "Shalimov,V UKR"]
[Result "1/2-1/2"]
[WhiteElo "2064"]
[BlackElo "2367"]
[ECO "B34"]

1.e4 c5 2.Nf3 Nc6 3.Nc3 g6 4.d4 cxd4 5.Nxd4 Bg7 6.Be3 Nf6 7.Be2 O-O 8.O-O d5
9.exd5 Nb4 10.d6 Qxd6 11.Ncb5 Qb8 12.c4 a6 13.Qb3 axb5 14.Qxb4 bxc4 15.Qxe7 Nd5
16.Qc5 Nxe3 17.fxe3 b6 18.Qxc4 Ba6 19.Qb3 Bxd4 20.Bxa6 Be5 21.Bc4 Bxh2+ 22.Kh1 Ra7
23.Rxf7 Raxf7 24.Rf1 Be5 25.Rxf7 Rxf7 26.Bxf7+ Kg7 27.Bd5 Qd8 28.Qc4 Bxb2
29.Qe4 Qc7 30.Qe6 Be5 31.Bc6 Kh6 32.Qd7 Qb8 33.Qh3+ Kg5 34.Qe6 Bf6 35.Qc4 Be5
36.Qe6 Qh8 37.Qe7+ Bf6 38.Qb4 Qb8 39.Qf4+ Qxf4 40.exf4+ Kxf4 41.Bd5  1/2-1/2